| 000 | 01126nam a2200241 u 4500 | ||
|---|---|---|---|
| 001 | 000462444 | ||
| 003 | AM-YeHGA | ||
| 005 | 20250617133629.0 | ||
| 008 | 051108s1989 ||| r ||| 0 rus d | ||
| 040 | _aAM-YeHGA | ||
| 041 | 0 | _arus | |
| 245 | 0 | 0 |
_aТектоника и нефтегазоносность Якутии : _bСб. науч. тр. / _cАН СССР, Сиб. отд-ние, Якут. ин-т геол. наук; Редкол.: К.И. Микуленко (отв. ред.) и др. |
| 260 |
_aЯкутск : _bЯНЦ СО АН СССР, _c1989. |
||
| 300 |
_a165 с. _b[2] л. ил., ил. |
||
| 504 | _aБиблиогр. в конце ст. | ||
| 653 | 0 | _aТектоника - Якут. АССР | |
| 653 | 0 | _aНефтеносные районы - Якут. АССР | |
| 653 | 0 | _aГазоносные районы - Якут. АССР | |
| 700 | 1 |
_aМикуленко, К.И. _eред. _4edt |
|
| 710 | 2 | _aЯкутский институт геологических наук СО АН СССР | |
| 710 | 2 |
_aАкадемия наук СССР _bСибирское отделение |
|
| 090 | _c170063 | ||
| 999 |
_c168631 _d168631 |
||